000 02118nam0a2200409 i 4500
001 RU\NLR\bibl\1959135
005 20241103121222.0
010 _a9785769584367
_91500
021 _aRU
_b2012-74494
_95516
035 _a(nilc)RSL-KNO-005504134
035 _a(NLR Aleph) 001948170
090 _a3658308
_c3658308
100 _a20121003d2012 u y0rusy50 ca
101 0 _arus
102 _aRU
105 _ay z |||||
200 1 _aОсновы деловой культуры
_eучебник
_eдля использования в учебном процессе образовательных учреждений, реализующих программы начального профессионального образования по профессии 100701.01 "Продавец, контролер-кассир"
_fГ.М. Шеламова
210 _aМосква
_cАкадемия
_d2012
215 _a110, [2] с.
_d22
225 1 _aНачальное профессиональное образование
_iПродавец, контролер-кассир
225 1 _aСоответствует Фгос
320 _aБиблиогр.: с. 110-111 и в подстроч. примеч.
606 _aОбщение деловое
_jУчебники для начального профессионального образования
_91561826
_3RU\NLR\auth\66983574
606 _aТорговые предприятия
_jУчебники для начального профессионального образования
_xКадры
_xОбщение профессиональное
_92150028
_3RU\NLR\auth\661599628
610 0 _aделовая культура
686 _aЮ715.4я73-1
_2rubbk
686 _aС550.425я722
686 _aС550.422.1я722
686 _aС550.353я722
700 1 _aШеламова
_bГ. М.
_gГалина Михайловна
_4070
801 0 _aRU
_bRuMoRKP
_c20121003
_grcr
801 1 _aRU
_bРГБ
_c20121003
801 2 _aRU
_bNLR
_c20121023
_grcr
830 _aАвт. по кн.
942 _cBOOK
980 _aNBR